• 首页
  • 本馆介绍
  • 公告通知
  • 最新文献
  • 馆藏检索
  • 电子资源
  • 读者导购
  • 参考咨询
  • 我的图书馆
  • 登录
  • 详细信息显示
  • 放入我的书架
  • 预约/预借图书
  • 作者相关作品
  • 分类相关作品
  • 丛书相关作品
  • 出版社相关作品

书目信息

  • 表格格式
  • 工作单格式
  • 卡片格式
题名:
长征印谱
    
 
作者: 钱君〓 刻
分册:  
出版信息: 上海   上海人民美术出版社  1979
页数: 102页
开本: 20cm
丛书名:
单 册:
中图分类: J292.47 , J292.4
科图分类:
主题词: 印谱--中国--现代 , 书法--中国 , 篆刻--中国
电子资源:
ISBN:
000 00680nam0 2200277 45
001 0179007605
005 20040519145734.6
010    @dCNY1.30
091    @a8081.5214
100    @a19950724d1979 em y0chiy0121 ea
101 0  @achi
102    @aCN@b310000
105    @ay z 000yy
106    @ar
200 10 @a长征印谱@Achang zheng yin pu@f钱君〓刻
205    @a2版
210    @a上海@c上海人民美术出版社@d1979
215    @a102页@d20cm
606    @a印谱@y中国@z现代
606 0  @a书法@x中国
606 0  @a篆刻@x中国
690    @aJ292.47@v3
690    @aJ292.4
701  0 @a钱君〓@Aqian jun tao@4刻
801  0 @aCN@bNLC@c20040519
905    @f2@b169507-508@dJ292.4@e24
    
    长征印谱/钱君〓刻.-2版.-上海:上海人民美术出版社,1979
    102页;20cm
    
    
    ISBN :CNY1.30
    
●
相关链接 在E读中查询图书 在五车中查询图书 在当当中查询图书 在豆瓣中查询图书


正题名:长征印谱     索取号:J292.4/24         预约/预借

序号 登录号 条形码 馆藏地/架位号 状态 备注
1 0169508   001213369   第一借阅区/ [索取号:J292.4/24] 在馆    
唐山师范学院图书馆 欢迎您!
大连网信软件有限公司© 版权所有